Music Quiz

Random Music or Singers Quiz

Name the Artist Quiz Stats

 Plays Quiz not verified by Sporcle

Challenge
Share
Tweet
Embed
Score 0/18 Timer 10:00
0 Plays Today
Hint Answer % Correct
I Will Always Love YouWhitney Houston
70.1%
Rolling In the DeepAdele
69%
Tik TokKesha
66.7%
Shake It OffTaylor Swift
64.4%
Take Me To ChurchHozier
50.6%
ThriftshopMacklemore
49.4%
All About That BassMeghan Trainor
47.1%
Love GameLady Gaga
39.1%
ChandelierSia
39.1%
Hint Answer % Correct
FancyIggy
33.3%
This Is How We DoKaty Perry
26.4%
AnacondaNikki Minaj
23%
DontEd Sheeran
19.5%
Safe and SoundCapital Cities
18.4%
Not The Only OneSam Smith
17.2%
See You AgainCarrie Underwood
12.6%
SugarMaroon Five
12.6%
The WayArianna Grande
4.6%

You're not logged in!

Compare scores with friends on all Sporcle quizzes.
OR
Log In

You Might Also Like...

Show Comments

Extras

Top Quizzes Today


Score Distribution

Your Account Isn't Verified!

In order to create a playlist on Sporcle, you need to verify the email address you used during registration. Go to your Sporcle Settings to finish the process.

Report this User

Report this user for behavior that violates our Community Guidelines.

Details: